Les chaines de restauration en France - Statistiques

Statistiques générales
  • Ce quiz a été pris 365 fois
    331 depuis la dernière actualisation
  • Le résultat moyen est 9 sur 26
Statistiques - réponses
Type de quiz Initiale(s) Nom % Correct
Hamburgers BK Burger King
98%
Hamburgers Q Quick
91%
Hamburgers MDS Mc Donald's
87%
Pizza PH Pizza Hut
75%
Grillades BG Buffalo Grill
61%
Libre-service F Flunch
53%
Poulet KFC Kentucky Fried Chicken
53%
Pomme de Terre LP La Pataterie
52%
Grillades C Courtepaille
31%
Viande H Hippopotamus
31%
Poissons - Coquillages L Léon
30%
Cuisine régionale L3B Les 3 Brasseurs
29%
Pizza PDA Pizza Del Arte
26%
Flammekueche F Flam's
23%
Viande LB La Boucherie
21%
Japonais OS O'Sushi
16%
Salade ES Eat Salad
15%
Poissons - Coquillages LC La Criée
14%
Généraliste AB Au Bureau
11%
Pizza PP Pizza Paï
10%
Italien IR Il Ristorante
8%
Italien MDP Mezzo di Pasta
6%
Américain MR Memphis Restaurant
4%
Généraliste PR Poivre rouge
4%
Libre-service C Crescendo
3%
Généraliste E Exki
2%
Aucun quiz correspondant
Distribution des résultats
% des personnes avec chaque résultat
Percentile par nombre de réponses
Votre historique - résultats
Vous n’avez pas pris ce quiz depuis la dernière actualisation